Movies Quiz

Random Movies or Quote Quiz

Will Ferrell Character Quotes Quiz Stats

 Plays Quiz not verified by Sporcle

Also try: Mean Girls Quotes
Challenge
Share
Tweet
Embed
Score 0/25 Timer 05:00
0 Plays Today
Quote Ron, Ricky or Chazz % Correct
If you ain't first, you're last.???
90.7%
Shake and bake.???
88.9%
You're a smelly pirate hooker.???
85.8%
Rule Number 1: No touching of the hair or face.???
85.4%
I'm gonna punch you in the ovary.???
85.4%
I'd love to sign your baby.???
84.5%
Great Odin's Raven.???
83.2%
I'm in a glass case of emotion.???
81.9%
I'm a sex addict and I'm attracted to women.???
78.8%
Let's leave the mothers out of this.???
77.9%
I got mauled by a Cougar.???
77.9%
Sweet Lincoln's mullet.???
75.7%
I will not shake your hand.???
73.5%
Quote Ron, Ricky or Chazz % Correct
I could not love a human baby more than I love this brush.???
71.2%
Personal Philosophy? Clothing optional.???
70.4%
Nobody plays Jazz at the Pit Stop.???
64.6%
You can't have two number ones.???
61.5%
I'll get inside your face.???
61.1%
It's all right, my sweet Chinchilla.???
60.2%
I permanently call shotgun.???
58.4%
Mind-bottling, isn't it????
57.1%
I felt like I was on a Spaceship.???
55.8%
Don't make me kill her.???
53.5%
Hey! It's me, America!???
52.2%
I think I see the Virgin Mary.???
33.6%

You're not logged in!

Compare scores with friends on all Sporcle quizzes.
Join for Free
OR
Log In

You Might Also Like...

Show Comments

Extras

Top Quizzes Today


Score Distribution

Your Account Isn't Verified!

In order to create a playlist on Sporcle, you need to verify the email address you used during registration. Go to your Sporcle Settings to finish the process.

Report this User

Report this user for behavior that violates our Community Guidelines.

Details: